| 000 | 00558nam a22001817a 4500 | ||
|---|---|---|---|
| 010 | _aENG-120529 | ||
| 020 |
_a9788184621297 _c250.00 |
||
| 035 | _aEN-104061 | ||
| 037 | _bDBAD/PUB | ||
| 082 | _a158.1 | ||
| 100 | _aKhanna, Ashu | ||
| 245 |
_aI am... life is... : _blive life with mastery / _cby Ashu Khanna |
||
| 260 |
_aMumbai _bVakils, Feffer and Simons Pvt. _c2016 |
||
| 270 |
_aIndustry Manor, Appasaheb Marathe Marg, Prabhadevi, _bMumbai _e400025 |
||
| 300 |
_a126p. _b22cm(pbk). |
||
| 500 | _a | ||
| 942 |
_2ddc _cEN _h158.1 _mKHA |
||
| 999 |
_c144250 _d144250 |
||